Procesos de transferencia de calor / (Record no. 173283)
[ view plain ]
| 000 -CABECERA | |
|---|---|
| campo de control de longitud fija | 00961nam a2200301Ia 4500 |
| 001 - NÚMERO DE CONTROL | |
| campo de control | dia_2782 |
| 003 - IDENTIFICADOR DEL NÚMERO DE CONTROL | |
| campo de control | CHAP |
| 005 - FECHA Y HORA DE LA ÚLTIMA TRANSACCIÓN | |
| campo de control | 20251023151823.0 |
| 008 - DATOS DE LONGITUD FIJA--INFORMACIÓN GENERAL | |
| campo de control de longitud fija | 220117s1965 xx 000 0 und d |
| 010 ## - NÚMERO DE CONTROL DE LA BIBLIOTECA DEL CONGRESO | |
| Número de control de LC | 173283 |
| 020 ## - NÚMERO INTERNACIONAL ESTÁNDAR DEL LIBRO | |
| Número Internacional Estándar del Libro | 968-26-1040-0 |
| 040 ## - FUENTE DE LA CATALOGACIÓN | |
| Centro/agencia transcriptor | CHAP |
| 082 ## - NÚMERO DE LA CLASIFICACIÓN DECIMAL DEWEY | |
| Número de clasificación | 660.28427 K47 1965 |
| 100 ## - ENTRADA PRINCIPAL--NOMBRE DE PERSONA | |
| Nombre de persona | Kern, Donald Q. |
| 9 (RLIN) | 153494 |
| 245 ## - MENCIÓN DE TÍTULO | |
| Título | Procesos de transferencia de calor / |
| Mención de responsabilidad, etc. | Donald Q. Kern ; traducción Nicolás Marino Ambrossi |
| 260 ## - PUBLICACIÓN, DISTRIBUCIÓN, ETC. | |
| Lugar de publicación, distribución, etc. | México : |
| Nombre del editor, distribuidor, etc. | Continental, |
| Fecha de publicación, distribución, etc. | 1965 |
| 300 ## - DESCRIPCIÓN FÍSICA | |
| Extensión | 980 p. |
| 500 ## - NOTA GENERAL | |
| Nota general | Titulo original: Process heat transfer |
| 503 ## - NOTA DE HISTORIA BIBLIOGRÁFICA (BK CF MU) [OBSOLETO] | |
| Nota de historia bibliográfica | I. 144334 (ej.1) \ I. 144333 (ej.2)\ I. 144332 (ej.3) |
| 590 ## - NOTA LOCAL (RLIN) | |
| Nota local | QC320 K47 1965 |
| 650 ## - PUNTO DE ACCESO ADICIONAL DE MATERIA--TÉRMINO DE MATERIA | |
| Término de materia o nombre geográfico como elemento de entrada | Calor |
| Subdivisión general | Transmisión |
| 9 (RLIN) | 17579 |
| 650 ## - PUNTO DE ACCESO ADICIONAL DE MATERIA--TÉRMINO DE MATERIA | |
| Término de materia o nombre geográfico como elemento de entrada | Heat |
| Subdivisión general | Transmission |
| 9 (RLIN) | 151041 |
| 700 ## - PUNTO DE ACCESO ADICIONAL--NOMBRE DE PERSONA | |
| Nombre de persona | Marino Ambrossi, Nicolás, tr. |
| 9 (RLIN) | 153495 |
| 901 ## - ELEMENTOS DE DATOS A LOCAL LDA (RLIN) | |
| a | 660.28427 K47 1965 |
| 902 ## - ELEMENTOS DE DATOS B LOCAL, LDB (RLIN) | |
| a | M |
| 905 ## - ELEMENTOS DE DATOS E LOCAL, LDE (RLIN) | |
| a | 5232271965 mx amn 8222123322spa16 |
| 942 ## - ELEMENTOS DE PUNTO DE ACCESO ADICIONAL (KOHA) | |
| Tipo de ítem Koha | Libro |
| Fuente del sistema de clasificación o colocación | Dewey Decimal Classification |
| Estado de retiro | Estado de pérdida | Fuente del sistema de clasificación o colocación | Estado dañado | No para préstamo | Código de colección | Localización permanente | Ubicación/localización actual | Ubicación en estantería | Fecha de adquisición | Información codificada de la localización en otra ubicación | Total de préstamos | Código de barras | Fecha visto por última vez | Fecha del último préstamo | Número de copia | Precio válido a partir de | Tipo de ítem Koha | Restricciones de uso | Fuente de adquisición | Coste, precio normal de compra | Número de inventario | Signatura topográfica completa |
|---|---|---|---|---|---|---|---|---|---|---|---|---|---|---|---|---|---|---|---|---|---|---|
| Dewey Decimal Classification | General | Ingenieria Agroindustrial | Ingenieria Agroindustrial | 18/01/2022 | 1 | 2 | dia_005522 | 23/02/2023 | 23/02/2023 | 8 | 18/01/2022 | Libro | ||||||||||
| Dewey Decimal Classification | General | Ingenieria Agroindustrial | Ingenieria Agroindustrial | 02/02/1989 | dia_002932 | 18/01/2022 | 1 | Libro | Préstamo interno | Compra Librería Gaona F. 1556 / R. 21945 (02/02/1989) | 8948.25 | 144334 | 660.28427 K47 1965 | |||||||||
| Dewey Decimal Classification | General | Ingenieria Agroindustrial | Ingenieria Agroindustrial | 02/02/1989 | 1 | dia_002933 | 30/06/2025 | 30/06/2025 | 2 | Libro | Préstamo 5 días | Compra Librería Gaona F. 1556 / R. 21945 (02/02/1989) | 8948.25 | 144333 | 660.28427 K47 1965 | |||||||
| Dewey Decimal Classification | General | Ingenieria Agroindustrial | Ingenieria Agroindustrial | 02/02/1989 | dia_002931 | 18/01/2022 | 3 | Libro | Préstamo 5 días | Compra Librería Gaona F. 1556 / R. 21945 (02/02/1989) | 8948.25 | 144332 | 660.28427 K47 1965 | |||||||||
| Dewey Decimal Classification | General | Ingenieria Agroindustrial | Ingenieria Agroindustrial | 28/07/1993 | 1 | 2 | dia_003527 | 10/12/2025 | 04/12/2025 | 4 | Libro | Préstamo 5 días | Compra Librería patena F. 165 / (28/07/93) | 110.00 | C/e | 660.28427 K47 1965 | ||||||
| Dewey Decimal Classification | General | Ingenieria Agroindustrial | Ingenieria Agroindustrial | 28/07/1993 | 1 | dia_003669 | 18/01/2022 | 5 | Libro | Préstamo 5 días | Compra Librería patena F. 165 / (28/07/93) | 110.00 | C/e | 660.28427 K47 1965 | ||||||||
| Dewey Decimal Classification | General | Ingenieria Agroindustrial | Ingenieria Agroindustrial | 15/06/1992 | 1 | dia_003742 | 18/01/2022 | 6 | Libro | Préstamo 5 días | F. 6561 | 40000.00 | C/e | 660.28427 K47 1965 | ||||||||
| Dewey Decimal Classification | General | Ingenieria Agroindustrial | Ingenieria Agroindustrial | 15/06/1992 | 1 | 2 | dia_003743 | 17/11/2022 | 17/11/2022 | 7 | Libro | Préstamo 5 días | F. 6561 | 40000.00 | C/e | 660.28427 K47 1965 |
